ARRUPE JESUIT UNIVERSITY

CORONAVIRUS -STOP THE SPREAD - CLEAN,DISINFECT,COVER

The Democratic Republic of Congo : (Record no. 125123)

MARC details
000 -LEADER
fixed length control field 01353cam a2200313 i 4500
001 - CONTROL NUMBER
control field 18030081
003 - CONTROL NUMBER IDENTIFIER
control field ARRUPE
005 - DATE AND TIME OF LATEST TRANSACTION
control field 20160824111609.0
008 - FIXED-LENGTH DATA ELEMENTS--GENERAL INFORMATION
fixed length control field 140204s2013 enkb b 001 0 eng
010 ## - LIBRARY OF CONGRESS CONTROL NUMBER
LC control number 2013387158
020 ## - INTERNATIONAL STANDARD BOOK NUMBER
International Standard Book Number 9781780323466 (hb)
020 ## - INTERNATIONAL STANDARD BOOK NUMBER
International Standard Book Number 9781780323459 (pb)
040 ## - CATALOGING SOURCE
Original cataloging agency DLC
Language of cataloging eng
Transcribing agency DLC
Description conventions rda
Modifying agency DLC
042 ## - AUTHENTICATION CODE
Authentication code pcc
043 ## - GEOGRAPHIC AREA CODE
Geographic area code f-cg---
050 00 - LIBRARY OF CONGRESS CALL NUMBER
Classification number DT658.25
Item number .D45 2013
300 ## - PHYSICAL DESCRIPTION
Other physical details maps ;
Dimensions 23 cm.
100 1# - MAIN ENTRY--PERSONAL NAME
Personal name Deibert, Michael.
9 (RLIN) 25420
245 14 - TITLE STATEMENT
Title The Democratic Republic of Congo :
Remainder of title between hope and despair /
Statement of responsibility, etc Michael Deibert.
260 ## - PUBLICATION, DISTRIBUTION, ETC. (IMPRINT)
Place of publication, distribution, etc London
Name of publisher, distributor, etc Zed Books
Date of publication, distribution, etc 2013
300 ## - PHYSICAL DESCRIPTION
Extent xiv, 260 pages :
490 0# - SERIES STATEMENT
Series statement African arguments
504 ## - BIBLIOGRAPHY, ETC. NOTE
Bibliography, etc Includes bibliographical references (pages 209-242) and index.
505 0# - FORMATTED CONTENTS NOTE
Formatted contents note Prologue : the killing fields -- Kingdom of Kongo to first Congo Republic -- Fire in his wake -- The great Congo wars -- Enter his father's house -- One hundred per cent Congolese -- Glittering demons -- Threats from within and without -- A false peace -- Elections, encore -- Rebellion after rebellion.
651 #0 - SUBJECT ADDED ENTRY--GEOGRAPHIC NAME
Geographic name Congo (Democratic Republic)
General subdivision History
Chronological subdivision 1997-
9 (RLIN) 25421
651 #0 - SUBJECT ADDED ENTRY--GEOGRAPHIC NAME
Geographic name Congo (Democratic Republic)
General subdivision Politics and government
Chronological subdivision 1997-
9 (RLIN) 9111
906 ## - LOCAL DATA ELEMENT F, LDF (RLIN)
a 7
b cbc
c orignew
d 1
e ncip
f 20
g y-gencatlg
942 ## - ADDED ENTRY ELEMENTS (KOHA)
Source of classification or shelving scheme Library of Congress Classification
Koha item type Monograph ( Printed materials)
Holdings
Withdrawn status Lost status Source of classification or shelving scheme Damaged status Not for loan Collection code Home library Current library Shelving location Date acquired Total Checkouts Full call number Barcode Date last seen Date checked out Price effective from Koha item type
    Library of Congress Classification     Main Collection ARRUPE LIBRARY ARRUPE LIBRARY Main Collection 24/08/2016 1 DT658.25 .D45 2013 46500008324 29/11/2019 13/11/2019 24/08/2016 Monograph ( Printed materials)

 

Arrupe Library. PO Box MP320 Mt Pleasant, Harare, Zimbabwe
263 242 745411|librarian@aju.ac.zw